000 00667nam a22002172 4500
001 0000001134
005 20151217151807.0
008 070226s xx 000 0 eng d
020 _a0830815082 :
_cKES 180
040 _aKABU
_cKABU
050 0 _aBX9
_b.F34
100 1 _aFackre, Gabriel.
_@0000149671
245 1 0 _aRestoring the center :
_bessays evangelical and ecumenical /
_cGabries Fackre.
260 _aDowners Grove, Ill. :
_bInter Varsity Press,
_c1998.
300 _a179 p.
650 0 _aEcumenical movement.
_@0000149672
650 0 _aEvangelicalism.
_@0000148902
908 _a070226
950 _@1
999 _c5105
_d5105